| Type | Year | Name | % Correct |
|---|---|---|---|
| Film | 2015 | Ant-Man | 84%
|
| Film | 2018 | Ant-Man and the Wasp | 81%
|
| Film | 2019 | Avengers: Endgame | 81%
|
| Film | 2023 | Ant-Man and the Wasp: Quantumania | 72%
|
| Film | 2016 | Captain America: Civil War | 69%
|
| Film | 2012 | This Is 40 | 63%
|
| Film | 2007 | Knocked Up | 59%
|
| Film | 2005 | The 40-Year-Old Virgin | 59%
|
| Film | 1995 | Clueless | 56%
|
| TV Show | 1996 | Clueless | 56%
|
| TV Show | 2002-2004 | F•R•I•E•N•D•S | 56%
|
| TV Show | 2008-2024 | Saturday Night Live | 53%
|
| Film | 2004 | Anchorman: The Legend of Ron Burgundy | 44%
|
| Film | 2009 | I Love You, Man | 44%
|
| TV Show | 2012, 2015 | Parks and Recreation | 44%
|
| Film | 2013 | Anchorman 2: The Legend Continues | 41%
|
| Film | 2008 | Forgetting Sarah Marshall | 31%
|
| Film | 2021 | Ghostbusters: Afterlife | 31%
|
| Film | 1996 | Romeo + Juliet | 31%
|
| TV Show | 2011, 2014, 2020 | The Simpsons | 31%
|
| Film | 2008 | Role Models | 28%
|
| Film | 2012 | The Perks of Being a Wallflower | 28%
|
| Film | 2001 | Wet Hot American Summer | 28%
|
| Web Mini-Series | 2015 | Wet Hot American Summer: First Day of Camp | 28%
|
| Web Mini-Series | 2017 | Wet Hot American Summer: Ten Years Later | 28%
|
| Film | 2025 | Death of a Unicorn | 25%
|
| Film | 2024 | Ghostbusters: Frozen Empire | 25%
|
| Film | 2025 | Anaconda | 22%
|
| Film | 2026 | Avengers: Doomsday | 22%
|
| Film | 1995 | Halloween: The Curse of Michael Myers | 22%
|
| Film | 2012 | Wanderlust | 22%
|
| Film | 2010 | Dinner for Schmucks | 19%
|
| Film | 2024 | Friendship | 19%
|
| Film | 2011 | Our Idiot Brother | 19%
|
| Film | 1998 | The Object of My Affection | 19%
|
| Film | 2014 | They Came Together | 19%
|
| Web Series | 2021, 2023 | What If...? | 19%
|
| Film | 2010 | How Do You Know | 16%
|
| Web Series | 2019 | Living with Yourself | 16%
|
| Web Series | 2022-Present | Only Murders in the Building | 16%
|
| Film | 2013 | Admission | 13%
|
| Film | 2016 | Sausage Party | 13%
|
| Film | 1999 | The Cider House Rules | 13%
|
| Film | 2013 | This Is the End | 13%
|
| Theater | 1998 | Twelfth Night | 13%
|
| Film | 2009 | Year One | 13%
|
| Commercial | 2023 | Heineken | 9%
|
| Film | 2007 | I Could Never Be Your Woman | 9%
|
| Short Film | 1992 | Jamie's Secret | 9%
|
| Commercial | 2022 | Lay's | 9%
|
| Film | 2009 | Monsters vs. Aliens | 9%
|
| Film | 2006 | Night at the Museum | 9%
|
| Film | 2023 | Teenage Mutant Ninja Turtles: Mutant Mayhem | 9%
|
| Film | 1996 | The Size of Watermelons | 9%
|
| Film | 2004 | Wake Up, Ron Burgundy: The Lost Movie | 9%
|
| Film | 1999 | 200 Cigarettes | 6%
|
| TV Show | 2024 | Ant & Dec's Saturday Night Takeaway | 6%
|
| Film | 2019 | Between Two Ferns: The Movie | 6%
|
| Film | 2000 | Gen-Y Cops | 6%
|
| Short Film | 2003 | House Hunting | 6%
|
| Film | 2008 | Little Britain USA | 6%
|
| TV Show | 2012 | Louie | 6%
|
| TV Show | 2015 | Moone Boy | 6%
|
| Commercial | 1991, 2025 | Nintendo | 6%
|
| Film | 2008 | Over Her Dead Body | 6%
|
| Film | 1998 | Overnight Delivery | 6%
|
| Short Film | 1992 | Picture Perfect | 6%
|
| Film | 2013 | Prince Avalanche | 6%
|
| Film | 2004 | P.S. | 6%
|
| Film | 2001 | Reaching Normal | 6%
|
| Commercial | 2013 | Samsung | 6%
|
| Commercial | 1992 | SEGA Game Console | 6%
|
| TV Show | 1992-1995 | Sisters | 6%
|
| TV Special | 2025 | SNL50: The Anniversary Special | 6%
|
| Film | 2005 | The Baxter | 6%
|
| Film | 2001 | The Château | 6%
|
| Film | 2007 | The Ex | 6%
|
| Film | 2016 | The Fundamentals of Caring | 6%
|
| TV Film | 2000 | The Great Gatsby | 6%
|
| Film | 2015 | The Little Prince | 6%
|
| Film | 1997 | The Locusts | 6%
|
| TV Film | 1998 | Twelfth Night, or What You Will | 6%
|
| Film | 2003 | Two Days | 6%
|
| TV Show | 2007 | Veronica Mars | 6%
|
| Short Film | 2016 | Anyone Can Quantum | 3%
|
| TV Show | 2020 | At Home with Amy Sedaris | 3%
|
| Theater | 1999 | Bash | 3%
|
| TV Film | 2001 | Bash: Latter-Day Plays | 3%
|
| TV Show | 2016 | Bob's Burgers | 3%
|
| TV Show | 2006 | Cheap Seats without Ron Parker | 3%
|
| TV Show | 2012 | Comedy Bang! Bang! | 3%
|
| Theater | 2012-2013 | Grace | 3%
|
| TV Show | 2007 | Hard Knocks | 3%
|
| Documentary Series | 2007 | Hard Knocks | 3%
|
| Web Mini-Series | 2020 | Home Movie: The Princess Bride | 3%
|
| TV Show | 2023 | Impractical Jokers | 3%
|
| Documentary Series | 2023 | Marvel Studios: Assembled | 3%
|
| Commercial | 1991 | Miller Lite | 3%
|
| Film | 2018 | Mute | 3%
|
| Film | 2016 | Nerdland | 3%
|
| Film | 2016 | Nerland | 3%
|
| TV Show | 2017 | Nightcap | 3%
|
| Audiobook | 1998 | One L | 3%
|
| TV Show | 2009-2010 | Party Down | 3%
|
| Film | TBA | Power Ballad | 3%
|
| TV Show | 2006-2007 | Reno 911! | 3%
|
| TV Show | 2006 | Robot Chicken | 3%
|
| Music Video | 1998 | Secret Smile | 3%
|
| Documentary Mini-Series | 2024 | Secrets of the Octopus | 3%
|
| Film | 2009 | Sesame Street: Being Green | 3%
|
| Film | 2017 | Spider-Man: Homecoming | 3%
|
| Short Film | 2009 | Stalker | 3%
|
| Commercial | 2021 | State Farm | 3%
|
| Theater | 1993 | Stella | 3%
|
| TV Show | 2005 | Stella | 3%
|
| Film | 2005 | Tennis, Anyone... ? | 3%
|
| Film | 2022 | The Bob's Burgers Movie | 3%
|
| Film | 2018 | The Catcher Was a Spy | 3%
|
| Film | 1997 | The Last Night of Ballyhoo | 3%
|
| Theater | 1997-1998 | The Last Night of Ballyhoo | 3%
|
| Film | 1993 | The Moment of Truth: Stalking Truth | 3%
|
| Theater | 2001-2002 | The Shape of Things | 3%
|
| Film | 2003 | The Shape of Things | 3%
|
| Web Series | 2021 | The Shrink Next Door | 3%
|
| Film | 2007 | The Ten | 3%
|
| TV Show | 2010 | Tim and Eric Awesome Show, Great Job! | 3%
|
| Documentary Series | 2020 | Tiny World | 3%
|
| Documentary Series | 2016 | Travel Man | 3%
|
| Film | 2007 | Walk Hard: The Dewey Cox Story | 3%
|
| TV Show | 1994 | Wild Oats | 3%
|
| Music Video | 2023 | A Good Thing | 0%
|
| Theater | 2000 | Alice in Bed | 0%
|
| Theater | 2000 | Ancestral Voices | 0%
|
| Film | 1992 | A Question of Ethics | 0%
|
| Video Game | 2019 | Avengers: Damage Control | 0%
|
| Short Film | 2022 | Avengers: Quantum Encounter | 0%
|
| TV Documentary | 2003 | Brilliant But Cancelled: Pilot Season | 0%
|
| TV Show | 2013 | Burning Love | 0%
|
| Documentary | 2010 | Casino Jack and the United States of Money | 0%
|
| Film | 2022 | Chip 'n Dale: Rescue Rangers | 0%
|
| TV Show | 2022 | Chivalry | 0%
|
| Web Series | 2025 | Conan O'Brien Must Go | 0%
|
| TV Special | 2025 | Conan O'Brien: The Kennedy Center Mark Twain Prize for American Humor | 0%
|
| TV Show | 2000 | Deadline | 0%
|
| TV Show | 2009 | Delocated | 0%
|
| Film | 2006 | Diggers | 0%
|
| Podcast | 2020 | Escape from Virtual Island | 0%
|
| Film | 2017 | Fun Mom Dinner | 0%
|
| Web Series | 2013 | Hudson Valley Ballers | 0%
|
| Film | 2018 | Ideal Home | 0%
|
| TV Show | 2018 | iZombie | 0%
|
| TV Show | 2020 | Last Week Tonight with John Oliver | 0%
|
| Theater | 2000 | Long Day's Journey into Night | 0%
|
| TV Show | 2015 | Neon Joe, Werewolf Hunter | 0%
|
| Short Film | 2011 | Paul Rudd Pitches Harvey Weinstein | 0%
|
| TV Short | 2016 | Quantum Is Calling | 0%
|
| Film | TBA | Rain Reign | 0%
|
| TV Show | 1994 | Rebel Highway | 0%
|
| TV Show | 2007, 2009 | Reel Comedy | 0%
|
| Film | 2007 | Reno 911!: Miami | 0%
|
| Film | 1994 | Runaway Daughters | 0%
|
| Documentary | 2016 | Rush: Time Stand Still | 0%
|
| Web Series | 2021 | Saturday Morning All Star Hits | 0%
|
| TV Film | 2004 | Soundtracks Live | 0%
|
| TV Show | 2000 | Strangers with Candy | 0%
|
| Short Film | 2011 | That Is All | 0%
|
| Documentary | 2015 | The 2015 World Series | 0%
|
| Audiobook | 1998 | The Client | 0%
|
| TV Mini-Series | 1993 | The Fire Next Time | 0%
|
| TV Show | 2012, 2014 | The Greatest Event in Television History | 0%
|
| TV Show | 2015 | The Jack and Triumph Show | 0%
|
| TV Show | 2007 | The Naked Trucker and T-Bones Show | 0%
|
| Film | 2006 | The Oh in Ohio | 0%
|
| Theater | 2003 | The Play What I Wrote | 0%
|
| Music Video | 2011 | The Rise and Rise of the New Pornographers | 0%
|
| Theater | 2006 | Three Days of Rain | 0%
|
| TV Show | 2022 | Toast of Tinseltown | 0%
|
| TV Show | 2014 | TripTank | 0%
|
| Web Series | 2008 | Wainy Days | 0%
|
| Documentary Series | 2023 | Welcome to Wrexham | 0%
|
| Web Series | 2015 | WHIH News Front | 0%
|